00477nam a2200157Ia 450000500170000000800410001708200130005824500230007126000300009430000120012450000410013670000220017794200060019995200990020599900150030420250617025815.0240331s9999 xx 000 0 und d bRANa305 0aKusalage shakthiya aColombobSrasavi Printers a46 p ., aA book of Strength from kusala women aRanaweera, Eeedt cL 001040708LaWERCLbWERCLcSSCd2024-03-31l0o 305.409 RANp1545r2024-03-31w2024-03-31yL c1838d1838